000 00330 a2200157 4500
001 179228
020 _a
040 _cMagnum
100 _aFrança, Mary
240 1 0 _aNem aqui, nem ali !
_lpor
245 1 0 _aNem aqui, nem ali !
362 0 _a1899
440 1 _aÁtica
697 _aMAGNITO: I/FADAS, FANTASIA
942 _cBK
999 _c179228
_d179228